Online
Catalog

¿Existe una filosofía de nuestra américa? / (Record no. 34253)

MARC details
000 -CABECERA
campo de control de longitud fija 00535nam a2200181 a 4500
001 - NÚMERO DE CONTROL
campo de control 000034762
005 - FECHA Y HORA DE LA ÚLTIMA TRANSACCIÓN
campo de control 20200930073904.0
008 - DATOS DE LONGITUD FIJA--INFORMACIÓN GENERAL
campo de control de longitud fija 111019s1968 mx 000 0 spa d
040 ## - FUENTE DE LA CATALOGACIÓN
Centro catalogador/agencia de origen DO-SdBNP
Lengua de catalogación spa
Centro/agencia transcriptor BNPHU
082 ## - NÚMERO DE LA CLASIFICACIÓN DECIMAL DEWEY
Número de clasificación xxxx
Número de documento/Ítem S161e
049 ## - FONDOS LOCALES (OCLC)
Fondos de biblioteca BNGR
100 1# - ENTRADA PRINCIPAL--NOMBRE DE PERSONA
Nombre de persona Salazar Bondy, Augusto
9 (RLIN) 60243
245 10 - MENCIÓN DE TÍTULO
Título ¿Existe una filosofía de nuestra américa? /
Mención de responsabilidad, etc. Augusto Salazar Bondy ; prólogo A.S.B.
260 ## - PUBLICACIÓN, DISTRIBUCIÓN, ETC.
Lugar de publicación, distribución, etc. México :
Nombre del editor, distribuidor, etc. Siglo XXl,
Fecha de publicación, distribución, etc. 1968.
300 ## - DESCRIPCIÓN FÍSICA
Extensión 133 p. ;
Dimensiones 16 p.
490 1# - MENCIÓN DE SERIE
Mención de serie Mínima
Designación de volumen o secuencia 22
830 #0 - PUNTO DE ACCESO ADICIONAL DE SERIE-TÍTULO UNIFORME
Título uniforme Mínima
Designación de volumen o secuencia 22
9 (RLIN) 28232
Holdings
Estado de retiro Estado de pérdida Restricciones de uso No para préstamo Código de colección Localización permanente Ubicación/localización actual Ubicación en estantería Fecha de adquisición Número de inventario Total de préstamos Signatura topográfica completa Código de barras Fecha visto por última vez Precio válido a partir de Tipo de ítem Koha Nota pública
      Excluido de préstamo Monografías: Libros y Folletos General General En catalogación 19.10.2011 LF1   xxxx S161e 34762-10 25.06.2020 25.06.2020 No se presta Perteneció a la biblioteca personal de Juan Isidro Jimenes -Grullón

Powered by Koha